| 000 | 00942nam a2200277 a 4500 | ||
|---|---|---|---|
| 001 | 000042775 | ||
| 003 | DO-SdBN | ||
| 005 | 20250217121329.0 | ||
| 007 | 000042775 | ||
| 008 | 140207s2009 dr 000 0 spa d | ||
| 020 | _a9789945427608 | ||
| 040 |
_aDO-SdBN _bspa _cBPMSU |
||
| 082 | 4 |
_aRD863.08 _bA634c 2009 _222 |
|
| 245 | 0 | 0 |
_aAntología de cuentos infantiles / _ceditora Eleanor Grimaldi Silié |
| 260 |
_aSanto Domingo : _bSecretaría de Estado de Cultura, _c2009 |
||
| 300 |
_a146 p. ; _c23 cm. |
||
| 500 | _aIncluye datos biográficos de la compiladora en la solapa de la portada | ||
| 590 | _aInventariado, 2025/VM | ||
| 650 | 4 |
_aCuentos infantiles dominicanos _vColecciones |
|
| 650 | 4 | _aLiteratura infantil dominicana | |
| 700 | 1 |
_aGrimaldi Silié, Eleanor _d1948- |
|
| 710 | 1 |
_aRepública Dominicana. _bSecretaria de Estado de Cultura |
|
| 910 | _aVMateo V. Control de calidad. BPMSU | ||
| 942 |
_2ddc _cBK |
||
| 945 | _a | ||
| 999 |
_c7225 _d7225 |
||